000 00595nam a2200133 a 4500
001 000032960
005 20200930065934.0
008 110804s1929 dr r 000 0 spa d
040 _aDO-SdBNP
_bspa
_cBNPHU
082 _axxxx
_bR426m
110 1 _aRepúbica Dominicana.
_bEstación Agronómica de Moca
_958701
245 1 0 _aMicoflora domingensis :
_blista de los homgos hasta la fecha indicados en Santo Domingo por el Dr. R. CIFERRI, director de la Estación Nacional Agronomica y Colegio de Agricultura de Moca.
260 _aSanto Domingo, R. D. :
_bImprenta de J. r. Vda. García, Sucesores,
_c1929.
999 _c32451
_d32451